Writing skills: a problem- solving approach for upper- intermediate and more advanced students (Record no. 37167)

MARC details
000 -LEADER
fixed length control field 00463nam a2200169Ia 4500
020 ## - INTERNATIONAL STANDARD BOOK NUMBER
ISBN 0521281423
050 ## - CALL MARK
Classification number PE 1128 .C64/
100 ## - STATEMENT OF RESPONSIBILITY--MAIN AUTHOR NAME
Personal name Norman Coe
245 #0 - TITLE STATEMENT
Title Writing skills: a problem- solving approach for upper- intermediate and more advanced students
260 ## - PUBLICATION, DISTRIBUTION, ETC. (IMPRINT)
Place of publication New York
260 ## - PUBLICATION, DISTRIBUTION, ETC. (IMPRINT)
Name of publisher Cambridge university press
260 ## - PUBLICATION, DISTRIBUTION, ETC. (IMPRINT)
Year of publication 1983
300 ## - PHYSICAL DESCRIPTION
Number of Pages 95 p
942 ## - ADDED ENTRY ELEMENTS (KOHA)
Koha item type Books
Holdings
Withdrawn status Lost status Source of classification or shelving scheme Damaged status Not for loan Permanent Location Current Location Date acquired Accession Number Price effective from Koha item type
    Library of Congress Classification     NILE UNIVERSITY OF NIGERIA - MAIN LIBRARY NILE UNIVERSITY OF NIGERIA - MAIN LIBRARY 04/23/2025 0000342 04/23/2025 Books